000 00313nam a2200133Ia 4500
008 190723s9999 xx 000 0 und d
020 _a978-93-3254219-8
100 _aGary Dessler
245 0 _aHuman Resource Management
250 _a14th
260 _aIndia
_bPearson
_c2016
300 _a570.:p
942 _cBK
999 _c1598
_d1598